Catàleg del Col·legi de Periodistes de Catalunya

Mirador (1929 - 1937) (Registre núm. 5999)

000 -CABECERA
Longitud fija campo de control 00567nam a2200181 a 4500
001 - NÚMERO DE CONTROL
Número de control 5999
003 - IDENTIFICADOR DEL NÚMERO DE CONTROL
Identificador del número de control CDMR
005 - FECHA Y HORA DE LA ÚLTIMA TRANSACCIÓN
Fecha y hora de la última transacción 20250122114423.0
008 - CÓDIGOS DE INFORMACIÓN DE LONGITUD FIJA
Códigos de información de longitud fija 130220s2006||||||||||||||||||||||||||||d
020 ## - NÚMERO INTERNACIONAL NORMALIZADO PARA LIBROS
Número Internacional Normalizado para Libros (ISBN) 8472838625
040 ## - FUENTE DE LA CATALOGACIÓN
Centro catalogador de origen CDMR
Lengua de catalogación cat
Centro transcriptor CDMR
100 1# - PUNTO DE ACCESO PRINCIPAL-NOMBRE DE PERSONA
Nombre de persona Singla Casellas, Carles
9 (RLIN) 3001
245 10 - MENCIÓN DE TÍTULO
Título Mirador (1929 - 1937)
Resto del título : un model de periòdic al servei d'una idea de país
Mención de responsabilidad, etc. / Carles Singla Casellas
260 ## - PUBLICACIÓN, DISTRIBUCIÓN, ETC. (PIE DE IMPRENTA)
Lugar de publicación, distribución, etc. Barcelona :
Nombre del editor, distribuidor, etc. Institut d'Estudis Catalans,
Fecha de publicación, distribución, etc. 2006
300 ## - DESCRIPCIÓN FÍSICA
Extensión 328 p ;
Dimensiones 17 cm
630 #0 - PUNTO DE ACCESO ADICIONAL DE MATERIA - TÍTULO UNIFORME
9 (RLIN) 4999
Título uniforme Mirador (Revista)
Subdivisión de materia general Història
942 ## - ENTRADA DE ELEMENTOS AGREGADOS (KOHA)
Koha [por defecto] tipo de item Monografies
Fuente de clasificaión o esquema
Fons
Suprimido Perdido Estropeado No para préstamo Localización permanente Localización actual Fecha adquisición Préstamos totales Signatura completa Código de barras Fecha última consulta Fecha del precio de reemplazo Tipo de item de Koha
        Centre de Documentació Montserrat Roig Centre de Documentació Montserrat Roig 2013-02-20   Du 9/22 CDMR13097539 2013-02-20 2013-02-20 Monografies

Implantat amb Koha